000 00355nam a2200133Ia 4500
003 GCL
008 140319s9999 xx 000 0 ara d
040 _aGCL /
_cGCL
082 0 4 _a953.31
_bج ع
245 1 0 _aعدن فرضة اليمن
260 _a[S.N] :
_bمركز الدراسات والبحوث اليمنى ،
_c1990
300 _a253 ص
490 _a
999 _c35535
_d35535